| 000 | 00508nam a2200181Ia 4500 | ||
|---|---|---|---|
| 008 | 240729s9999 xx 000 0 und d | ||
| 022 | _a2617-8109 | ||
| 245 | 0 | _aJournal of Shifa Tameer-e-Millat University | |
| 260 | _aPakistan | ||
| 260 | _bShifa Tameer-e-Millat University | ||
| 650 | _a Biochemistry | ||
| 650 | _a Chemistry | ||
| 650 | _a Organic chemistry | ||
| 650 | _aMedicine | Science | ||
| 856 | _uhttps://doaj.org/toc/6c26b3fc7e5f426b8a7e261bbdd6d092 | ||
| 942 | _2ddc | ||
| 942 | _cDOAJEJ | ||
| 999 |
_c73094 _d73094 |
||
| 945 |
_a1 _bMadushi Gamage _c1 _dMadushi Gamage |
||